Muslim review (Record no. 1658024)
[ view plain ]
| 000 -LEADER | |
|---|---|
| fixed length control field | 00834nas a22002417a 4500 |
| 005 - DATE AND TIME OF LATEST TRANSACTION | |
| control field | 20250317153134.0 |
| 008 - FIXED-LENGTH DATA ELEMENTS--GENERAL INFORMATION | |
| fixed length control field | 250317b1926 ii q|||| |||| 00| 0 eng d |
| 040 ## - CATALOGING SOURCE | |
| Original cataloging agency | NLI |
| Transcribing agency | Periodical Division |
| 044 ## - COUNTRY OF PUBLISHING/PRODUCING ENTITY CODE | |
| MARC country code | ii |
| 082 04 - DEWEY DECIMAL CLASSIFICATION NUMBER | |
| Classification number | 1149 |
| Edition number | 23rd ed. |
| 100 1# - MAIN ENTRY--PERSONAL NAME | |
| Linkage | 880-01 |
| 245 00 - TITLE STATEMENT | |
| Linkage | 880-02 |
| Title | Muslim review |
| 260 ## - PUBLICATION, DISTRIBUTION, ETC. | |
| Place of publication, distribution, etc. | Calcutta |
| Name of publisher, distributor, etc. | Moslem institute |
| Date of publication, distribution, etc. | 1926 |
| 300 ## - PHYSICAL DESCRIPTION | |
| Other physical details | plates(part col), facsim |
| Dimensions | 23cm. |
| 310 ## - CURRENT PUBLICATION FREQUENCY | |
| Current publication frequency | Quarterly |
| 500 ## - GENERAL NOTE | |
| General note | Previous title : Journal of the Muslim Institute 1906-1909. v.1(Jan-Mar); v.2,no.3(Jan-Mar); v.3, no.1(Jul-Sept); v.5no.1&2(Jul-Dec) |
| 650 #0 - SUBJECT ADDED ENTRY--TOPICAL TERM | |
| Topical term or geographic name entry element | General periodicals |
| 9 (RLIN) | 1601509 |
| 700 1# - ADDED ENTRY--PERSONAL NAME | |
| Linkage | 880-03 |
| 780 ## - PRECEDING ENTRY | |
| Main entry heading | Journal of the Muslim Institute 1906-1909 |
| 852 ## - LOCATION | |
| Location | BB |
| Shelving location | English Periodical Reading Room and Stack |
| 880 1# - ALTERNATE GRAPHIC REPRESENTATION | |
| Linkage | 100-01 |
| 942 ## - ADDED ENTRY ELEMENTS (KOHA) | |
| Koha item type | Serials and Periodicals |
| Classification part | 1149 |
| Call number prefix | PP |
| Source of classification or shelving scheme | Dewey Decimal Classification |
| Withdrawn status | Lost status | Source of classification or shelving scheme | Materials specified (bound volume or other part) | Damaged status | Not for loan | Collection code | Home library | Current library | Date acquired | Serial Enumeration / chronology | Total Checkouts | Full call number | Date last seen | Price effective from | Koha item type |
|---|---|---|---|---|---|---|---|---|---|---|---|---|---|---|---|
| Dewey Decimal Classification | Bound volume | Periodical Publications | National Library of India | National Library of India | 17/03/2025 | v.1-4, 1926/27 to 1929/30 | PP 1149 | 17/03/2025 | 17/03/2025 | Serials and Periodicals |
